000 00559pam a2200217 a 4500
001 2315171
005 20180223075731.0
008 810923s1982 maua b 001 0 eng
010 _a 81014951
020 _a0201066408 :
_c$14.95 (est.)
040 _aDLC
_cDLC
_dDLC
041 _aeng
080 _a300.72 SAS
082 0 0 _a300.72 SAS
_219
100 1 _a25
101 _aEDU
245 1 0 _aBasic research methods /
_cCarol A. Saslow.
504 _aBibliography: p. 415-419.
906 _a7
_bcbc
_corignew
_d1
_eocip
_f19
_gy-gencatlg
942 _2ddc
_cBK
999 _c43277
_d43277